Macroeconomics / (Record no. 16105)
[ view plain ]
| 000 -LEADER | |
|---|---|
| fixed length control field | 01011cam a2200301 a 4500 |
| 001 - CONTROL NUMBER | |
| control field | 15208807 |
| 005 - DATE AND TIME OF LATEST TRANSACTION | |
| control field | 20161129113128.0 |
| 008 - FIXED-LENGTH DATA ELEMENTS--GENERAL INFORMATION | |
| fixed length control field | 080306s2011 maua |r 001 0 eng |
| 010 ## - LIBRARY OF CONGRESS CONTROL NUMBER | |
| LC control number | 2008010540 |
| 020 ## - INTERNATIONAL STANDARD BOOK NUMBER | |
| International Standard Book Number | 007731719X |
| 020 ## - INTERNATIONAL STANDARD BOOK NUMBER | |
| International Standard Book Number | 9780077317195 |
| 040 ## - CATALOGING SOURCE | |
| Original cataloging agency | DLC |
| Transcribing agency | DLC |
| Modifying agency | DLC |
| 050 00 - LIBRARY OF CONGRESS CALL NUMBER | |
| Classification number | HB172.5 |
| Item number | .S554 2009 |
| 082 00 - DEWEY DECIMAL CLASSIFICATION NUMBER | |
| Classification number | 339 |
| Edition number | 22 |
| Item number | SLA |
| 100 1# - MAIN ENTRY--PERSONAL NAME | |
| 9 (RLIN) | 20594 |
| Personal name | Slavin, Stephen L. |
| 245 10 - TITLE STATEMENT | |
| Title | Macroeconomics / |
| Statement of responsibility, etc | Stephen L. Slavin. |
| 250 ## - EDITION STATEMENT | |
| Edition statement | 10th ed. |
| 260 ## - PUBLICATION, DISTRIBUTION, ETC. (IMPRINT) | |
| Place of publication, distribution, etc | Boston : |
| Name of publisher, distributor, etc | McGraw-Hill/Irwin, 2011 |
| Date of publication, distribution, etc | 2011 |
| 300 ## - PHYSICAL DESCRIPTION | |
| Extent | xxv, 546 p. : |
| Other physical details | ill. ; |
| Dimensions | 28 cm. |
| 490 0# - Series Statement | |
| Series statement | The McGraw-Hill series economics |
| -- | 20595 |
| 500 ## - GENERAL NOTE | |
| General note | Includes index. |
| 500 ## - GENERAL NOTE | |
| General note | A supplement "Economy Update 2009" |
| 650 #0 - SUBJECT ADDED ENTRY--TOPICAL TERM | |
| Topical term or geographic name as entry element | Macroeconomics. |
| 9 (RLIN) | 20596 |
| 653 ## - INDEX TERM--UNCONTROLLED | |
| Resource For college | |
| Arrived date list | October2011 |
| 856 41 - ELECTRONIC LOCATION AND ACCESS | |
| Materials specified | Table of contents only |
| Uniform Resource Identifier | <a href="http://www.loc.gov/catdir/enhancements/fy0827/2008010540-t.html">http://www.loc.gov/catdir/enhancements/fy0827/2008010540-t.html</a> |
| 942 ## - ADDED ENTRY ELEMENTS (KOHA) | |
| Source of classification or shelving scheme | Dewey Decimal Classification |
| Item type | Book - Borrowing |
| Withdrawn status | Item status | Source of classification or shelving scheme | Damaged status | Not for loan | Vendor | Home library | Current library | Shelving location | Date acquired | Source of acquisition | Total Checkouts | Full call number | Barcode | Date last seen | Koha item type | Total Renewals | Date last borrowed | Cost, normal purchase price | Cost, replacement price |
|---|---|---|---|---|---|---|---|---|---|---|---|---|---|---|---|---|---|---|---|
| Dewey Decimal Classification | Baccah | Central Library | Central Library | First floor | 05/10/2011 | 339 SLA | 000024975 | 15/07/2025 | NB - Book (Non borrowing) | ||||||||||
| Dewey Decimal Classification | Baccah | Central Library | Central Library | First floor | 09/10/2011 | 10 | 339 SLA | 000024974 | 15/07/2025 | Book - Borrowing | 84 | 08/01/2017 | |||||||
| Dewey Decimal Classification | Baccah | Central Library | Central Library | First floor | 09/10/2011 | 5 | 339 SLA | 000024978 | 15/07/2025 | Book - Borrowing | 111 | 13/10/2016 | |||||||
| Dewey Decimal Classification | Baccah | Central Library | Central Library | First floor | 09/10/2011 | 7 | 339 SLA | 000024979 | 15/07/2025 | Book - Borrowing | 24 | 20/11/2016 | |||||||
| Dewey Decimal Classification | Baccah | Central Library | Central Library | First floor | 09/10/2011 | 4 | 339 SLA | 000024980 | 15/07/2025 | Book - Borrowing | 6 | 25/09/2016 | |||||||
| Dewey Decimal Classification | Baccah | Central Library | Central Library | First floor | 09/10/2011 | 13 | 339 SLA | 000024981 | 15/07/2025 | Book - Borrowing | 53 | 01/11/2018 | |||||||
| Dewey Decimal Classification | Baccah | Central Library | Central Library | First floor | 09/10/2011 | 4 | 339 SLA | 000024982 | 15/07/2025 | Book - Borrowing | 81 | 28/09/2016 | |||||||
| Lost & Replaced | Dewey Decimal Classification | Baccah | Central Library | Central Library | First floor | 09/10/2011 | Purchase | 7 | 339 SLA | 000024983 | 25/02/2016 | Book - Borrowing | 10 | 05/01/2016 | |||||
| Dewey Decimal Classification | Baccah | Central Library | Central Library | First floor | 31/10/2011 | Purchase | 7 | 339 SLA | 000025534 | 15/07/2025 | Book - Borrowing | 42 | 07/02/2017 | 180.00 | 225.00 | ||||
| Dewey Decimal Classification | Baccah | Central Library | Central Library | First floor | 31/10/2011 | 9 | 339 SLA | 000025535 | 15/07/2025 | Book - Borrowing | 17 | 18/12/2016 | |||||||
| Dewey Decimal Classification | Central Library | Central Library | First floor | 25/02/2016 | Purchase | 7 | 339 SLA | 000031717 | 15/07/2025 | Book - Borrowing | 21 | 14/10/2019 |